000 00837nam a22002417a 4500
999 _c11556
_d11556
003 AR-CdUCM
008 190404b ||||| |||| 00| 0 spa d
040 _aMUNICIPALIDAD PROVINCIAL DEL CUSCO
_cBIBLIOTECA MUNICIPAL DEL CUSCO
082 _a328.3 /
_bC737 / 1950
110 _aCámara de diputados del Perú
_928672
245 _aCompilación de la legislación peruana (concordada) /
260 _aLima :
_b Cámara de Diputados, Dirección General Administrativa,
_c1950.
300 _a480 páginas ;
_c26 cm.
500 _aEl libro esta deteriorado.
505 _aContenido: t.1 : Leyes del N° 1 al 4944.
650 _aLegislación
_92962
650 _aPerú
_935
650 _aSiglo XX
_98
650 _aCongreso del Peru
_98597
650 _aCámara de Diputados
_928977
942 _2ddc
_cLIBROS
945 _acmm
_d2019-04-04